The book of firsts / (Record no. 1447)

MARC details
000 -LEADER
fixed length control field 00645cam a2200229 a 4500
005 - DATE AND TIME OF LATEST TRANSACTION
control field 20260322212100.0
008 - FIXED-LENGTH DATA ELEMENTS--GENERAL INFORMATION
fixed length control field data
010 ## - LIBRARY OF CONGRESS CONTROL NUMBER
LC control number 82004309
020 ## - INTERNATIONAL STANDARD BOOK NUMBER
International Standard Book Number 0517216795
020 ## - INTERNATIONAL STANDARD BOOK NUMBER
International Standard Book Number 9780517216798
040 ## - CATALOGING SOURCE
Original cataloging agency DLC
Transcribing agency DLC
Modifying agency DLC
050 00 - LIBRARY OF CONGRESS CALL NUMBER
Classification number AG243
Item number .R54 1982
082 00 - DEWEY DECIMAL CLASSIFICATION NUMBER
Classification number 032/.02
Edition information 19
092 ## - LOCALLY ASSIGNED DEWEY CALL NUMBER (OCLC)
Classification number 032 R54 1982
001 - CONTROL NUMBER
control field data
100 1# - MAIN ENTRY--PERSONAL NAME
Personal name Robertson, Patrick,
Dates associated with a name 1940-
245 14 - TITLE STATEMENT
Title The book of firsts /
Statement of responsibility, etc. Patrick Robertson.
260 ## - PUBLICATION, DISTRIBUTION, ETC.
Place of publication, distribution, etc. New York :
Name of publisher, distributor, etc. Distributed by Crown Publishers,
-- Distributed by Crown Publishers,
Date of publication, distribution, etc. 1982, c1974.
300 ## - PHYSICAL DESCRIPTION
Extent 512 p. :
Other physical details ill. ;
Dimensions 24 cm.
500 ## - GENERAL NOTE
General note Includes index.
650 #0 - SUBJECT ADDED ENTRY--TOPICAL TERM
Topical term or geographic name entry element Curiosities and wonders.
Holdings
Withdrawn status Lost status Damaged status Not for loan Home library Current library Shelving location Date acquired Total checkouts Full call number Barcode Date last seen Price effective from Koha item type
        Centerville Centerville General stacks 22/03/2026   032/.02 19 BC0011494 22/03/2026 22/03/2026 Books